Statystyki dla Miasta najbliżej Łodzi.

Kliknij tutaj aby rozwiązać quiz!

Ogólne statystyki

  • Ten quiz został rozwiązany 82 razy
  • Średni wynik to 6 z 10

Statystyki odpowiedzi

Odległość w kilometrachOdpowiedź% Poprawnych
11,2Zgierz
93%
13,3Pabianice
90%
12,4Aleksandrów Łódzki
83%
9,1Konstantynów Łódzki
67%
20,8Brzeziny
57%
25,1Koluszki
51%
10,9Rzgów
51%
18,9Stryków
51%
25,3Ozorków
50%
17,4Tuszyn
46%

Rozkład punktacji

Percentyl według liczby udzielonych odpowiedzi

Procent ludzi z każdym wynikiem

Twoja historia wyników

Nie rozwiązałeś tego quizu